Llwytho...
CYTOLOGICAL AND PALYNOLOGICAL STUDIES ON THE SOUTH INDIAN HELIANTHEAE
| Prif Awdur: | |
|---|---|
| Fformat: | Printed Book |
| Cyhoeddwyd: |
THIRUVANANTHAPURAM
DEPT OF BOTANY, UNIVERSITY OF KERALA
1993
|
| Pynciau: |
| LEADER | 00571nam a2200205 4500 | ||
|---|---|---|---|
| 020 | |||
| 037 | |||
| 082 | |a 571.936 JOS | ||
| 100 | |a JOSEPH,Latha | ||
| 245 | |a CYTOLOGICAL AND PALYNOLOGICAL STUDIES ON THE SOUTH INDIAN HELIANTHEAE |h English | ||
| 250 | |||
| 260 | |a THIRUVANANTHAPURAM |b DEPT OF BOTANY, UNIVERSITY OF KERALA |c 1993 | ||
| 300 | |a 90 |f HB | ||
| 500 | |||
| 590 | |||
| 630 | |||
| 650 | |a CYTOLOGY | ||
| 942 | |c REF | ||
| 999 | |c 174984 |d 174984 | ||
| 952 | |0 0 |1 0 |4 0 |6 571_936000000000000_JOS |7 0 |9 188351 |a BOT |b BOT |l 0 |o 571.936 JOS |p BOTD 361 |r 2019-10-25 |w 2019-10-25 |y REF | ||